| 000 | 005110000a22001930004500 | ||
|---|---|---|---|
| 001 | 003659 | ||
| 003 | MACL | ||
| 005 | 20151126151046.0 | ||
| 008 | 151126b xxu||||| |||| 00| 0 eng d | ||
| 040 |
_aMACL _cMACL |
||
| 041 | _aEnglish | ||
| 082 | _a700/SEN | ||
| 100 |
_aSengupta, Arputha Rani _918348 |
||
| 245 |
_aArt of Terracotta _bCult and Vultural Synthesis In India _cArputha Rani Sengupta |
||
| 260 |
_aAgam Kala Prakashan, _c2005 |
||
| 350 | _a2500 | ||
| 650 |
_aArts _918349 |
||
| 942 |
_k700 _cBK _2ddc |
||
| 999 |
_c15556 _d15556 |
||